Historia del socialismo : (Record no. 147813)

MARC details
000 -LEADER
campo de control de longitud fija 00653nam a2200193 i 4500
001 - NÚMERO DE CONTROL
campo de control 147813
003 - IDENTIFICADOR DE NÚMERO DE CONTROL
campo de control ES-MaACL
005 - FECHA Y HORA DE LA ÚLTIMA TRANSACCIÓN
campo de control 20250918063038.0
007 - CAMPO FIJO DE DESCRIPCIÓN FÍSICA--INFORMACIÓN GENERAL
campo de control de longitud fija t|
008 - DATOS DE LONGITUD FIJA--INFORMACIÓN GENERAL
campo de control de longitud fija 071005q19001910sp ||||1| spa d
100 1# - ENTRADA PRINCIPAL--NOMBRE DE PERSONA
Nombre de persona Urbano, Rafael,
Fechas asociadas al nombre 1870-1924
9 (RLIN) 112074
245 10 - MENCIÓN DEL TÍTULO
Título Historia del socialismo :
Resto del título parte antigua : la conquista utópica /
Mención de responsabilidad, etc. Rafael Urbano.
260 ## - PUBLICACIÓN, DISTRIBUCIÓN, ETC.
Lugar de publicación, distribución, etc. Madrid :
Nombre del editor, distribuidor, etc. B. Rodríguez Serra,
Fecha de publicación, distribución, etc. [entre 1900 y 1910] (
Fabricante Viuda de Rodríguez Serra)
300 ## - DESCRIPCIÓN FÍSICA
Extensión 119 p. ;
Dimensiones 17 cm.
650 #4 - PUNTO DE ACCESO ADICIONAL DE MATERIA--TÉRMINO DE MATERIA
Término de materia o nombre geográfico como elemento de entrada Socialismo-
Subdivisión general Historia.
9 (RLIN) 135485
650 #7 - PUNTO DE ACCESO ADICIONAL DE MATERIA--TÉRMINO DE MATERIA
Término de materia o nombre geográfico como elemento de entrada Socialismo utópico
Fuente del encabezamiento o término embne
9 (RLIN) 149695
852 ## - LOCALIZACIÓN
Ubicación ES-MaACL
Número de control de estantería T-999-F-6
Holdings
Estatus retirado Estado de pérdida Estado de daño No para préstamo Colección Biblioteca de origen Biblioteca actual Ubicación en estantería Fecha de adquisición Fuente de adquisición Total de préstamos Signatura topográfica completa Código de barras Visto por última vez Precio de reemplazo Tipo de ítem Koha
        Colección de folletos Biblioteca del Ateneo de Madrid Biblioteca del Ateneo de Madrid Depósito folletos 17/01/2008     T-999-F-6 1154258 23/02/2023 23/02/2023 Folleto